|
|
|
|
| LEADER |
00000nam0a2200000 4500 |
| 001 |
278249 |
| 005 |
20231101235108.0 |
| 035 |
|
|
|a (RuTPU)RU\TPU\book\301526
|
| 090 |
|
|
|a 278249
|
| 100 |
|
|
|a 20141209d1940 km y0rusy50 ca
|
| 101 |
0 |
|
|a rus
|
| 102 |
|
|
|a RU
|
| 105 |
|
|
|a a z 001zy
|
| 200 |
1 |
|
|a История гидросиловых установок России до XIX века
|f В. В. Данилевский
|
| 210 |
|
|
|a Москва
|c [Б. и.]
|d 1940
|
| 215 |
|
|
|a 208 с.
|c ил.
|
| 320 |
|
|
|a Библиогр. в тексте
|
| 606 |
1 |
|
|a Гидросиловые установки
|2 stltpush
|3 (RuTPU)RU\TPU\subj\6792
|9 34590
|
| 610 |
1 |
|
|a история
|
| 610 |
1 |
|
|a 18 век
|
| 610 |
1 |
|
|a гидротехника
|
| 610 |
1 |
|
|a плотиностроение
|
| 610 |
1 |
|
|a деривационные гидросиловые установки
|
| 610 |
1 |
|
|a плотины
|
| 610 |
1 |
|
|a водяные колеса
|
| 610 |
1 |
|
|a гидроэнергетика
|
| 610 |
1 |
|
|a горнозаводские плотины
|
| 610 |
1 |
|
|a водяные мельницы
|
| 675 |
|
|
|a 621.221
|v 4
|
| 700 |
|
1 |
|a Данилевский
|b В. В.
|c русский историк техники
|c книговед
|c академик АН УССР (1948)
|c профессор Ленинградского политехнического института
|f 1898-1960
|g Виктор Васильевич
|2 stltpush
|3 (RuTPU)RU\TPU\pers\13389
|9 4044
|
| 801 |
|
1 |
|a RU
|b 63413507
|c 20141209
|
| 801 |
|
2 |
|a RU
|b 63413507
|c 20180111
|g RCR
|
| 942 |
|
|
|c BK
|